000 00613nam a22001697a 4500
008 240604b |||||||| |||| 00| 0 eng d
020 _a0404635113.
050 _aHB835.J118 1989
100 _aJack Malcom
_952837
245 _aCorruption and progress;
_bthe eighteeth-century debate,
_cMalcom Jack.
260 _aNew York:
_bA M S Press;
_c1989.
300 _axii;
_b240p,
_c22cm.
600 _aMandeville, Bernard;
_xviews on wealth,
_y1670-1733.
_952838
600 _aFerguson Adam;
_xviews on wealth,
_y1723-1816.
_952839
650 _aWealth,ethics of;
_vhistory,
_y18th century.
_952840
942 _2lcc
_cMONOGRAPH
999 _c131937
_d131937